00574 2200181 4500001002100000005001700021008004100038020002200079035002900101090002000130100003400150245009700184250001700281260003300298300002000331650001700351990002400368INLIS00000000002367220150123143521.0  a978-602-8067-34-8 a##a0010-011500000000461 aR 030 Muh d V.3 aMuhammad Nasiruddin Al Albani aDerajat Hadits-Hadits Dalam Tafsir Ibnu Katsir Vol 3b(Hadist Shahih, Hasan, Dha'if, Maudhu) aCet 1 Vol. 3 aJakartabPustaka Azzamc2008 a836 hlm ; 24 cm aEnsiklopedia a32674/PUSDACIL/2015